00720nam a2200181 a 4500003000200000005001700002008004100019050002800060100002400088245010700112260009000219300004000309504004100349650003100390650004100421650003400462650004200496020250219090744.0110621s19uu xx 00 eng d aPHS TL 671.2b.L51 2011 aLee, Jerome Marc T. aComparative study on the performance of different wing shapes of model aircraft /cJerome Marc T. Lee. aLas Piñas City, Philippines :bSouthville International School and Colleges,c2011. a20 pages :billustrations ;c28 cm. aIncludes bibliographical references. aAerodynamicsxWing design. aAircraft wingsxPerformance testing. aModel aircraftxAerodynamics. aAircraft designxComparative studies.